000 00280nam a2200121 a 4500
008 100921s1966|||| d
245 1 0 _aLáska Jeanny Neyovej
100 1 _aErenburg, Iľja
260 _bSmena
_aBratislava
_c1966
044 _axo
_cSK
041 _aslo
020 _c20
999 _c10549
_d10549